Statistiche per Tennisti con più partite vinte sull'Erba

Clicka qui per fare il quiz!

Statistiche generali

  • Questo quiz è stato fatto 3 volte
  • Il punteggio medio è 2 su 10

Statistiche sulle risposte

NazioneNumero vittorie sull'erbaTennista% Corretto
Svizzera192Roger Federer
100%
Stati Uniti185Jimmy Connors
50%
Australia129Lleyton Hewitt
50%
Stati Uniti132Arthur Ashe
0%
Australia153John Alexander
0%
Australia164John Newcombe
0%
Australia145Ken Rosewall
0%
Australia160Phil Dent
0%
Stati Uniti143Stan Smith
0%
Australia136Tony Roche
0%

Distribuzione punteggi

Percentile per numero di risposta

Percentuale di utenti per punteggio

I tuoi punteggi nel tempo

Non hai fatto questo quiz